| 000 | 01164nac a22003131i 4500 | ||
|---|---|---|---|
| 003 | EG-ScBUE | ||
| 005 | 20230507102235.0 | ||
| 008 | 230507s1998 nyua f 000 0 eng d | ||
| 020 | _a3211829903 (alk. paper) | ||
| 020 | _a3211830308 (Complete series) | ||
| 040 |
_aEG-ScBUE _beng _erda _cEG-ScBUE _dEG-ScBUE |
||
| 082 | 0 | 4 |
_a728.820951 _bJIN _222 |
| 100 | 1 |
_aJinghua, Ru, _eauthor. |
|
| 245 | 1 | 0 |
_aPalace architecture / _cRu Jinghua, Peng Hualiang ; [translated by Zang Erzhong, [and three others] |
| 264 | 1 |
_aNew York : _bSpringer-Verlag, _c1998. |
|
| 300 |
_a193 pages : _billustrations (chiefly color) ; _c37 cm |
||
| 336 |
_2rdacontent _atext _btxt |
||
| 337 |
_2rdamedia _aunmediated _bn |
||
| 338 |
_2rdacarrier _avolume _bnc |
||
| 490 | 0 | _aAncient Chinese architecture | |
| 500 | _aOriginally published in Chinese in 1993 by China Architecture & Building Press. | ||
| 650 | 7 |
_aPalaces _zChina. _2BUEsh |
|
| 650 | 7 |
_aArchitecture _zChina _yMing-Qing dynasties, 1368-1912. _2BUEsh |
|
| 653 | _bENGARC | ||
| 655 | _vReading book | ||
| 700 | 1 |
_aPeng, Hualiang, _d1942- _eauthor. |
|
| 700 | 1 |
_aErzhong , Zang, _etranslator. |
|
| 942 |
_cBB _2ddc |
||
| 999 |
_c8553 _d8553 |
||